[Event "Titled Tuesday intern op 30th Jul Early"]
[Site "Chess.com INT"]
[Date "2024.07.30"]
[Round "9"]
[White "Guo, Ethan"]
[Black "Norowitz, Yaacov"]
[Result "0-1"]
[WhiteElo "2159"]
[BlackElo "2402"]
[PlyCount "80"]
[EventDate "2024.07.30"]
[EventType "swiss (blitz)"]
[EventRounds "11"]
[EventCountry "USA"]
[SourceTitle "EXT 2025"]
[Source "ChessBase"]
[SourceDate "2024.10.14"]
[SourceVersion "1"]
[SourceVersionDate "2024.10.14"]
[SourceQuality "1"]

1. e4 c6 2. Nf3 d5 3. Nc3 dxe4 4. Nxe4 Nf6 5. Qe2 Bg4 6. Nxf6+ gxf6 7. h3 Bh5 8. d3 Nd7 9. Bd2 e6 10. Bc3 Qb6 11. g4 Bg6 12. 0-0-0 Bb4 13. Bxb4 Qxb4 14. a3 Qd6 15. Qe3 Nb6 16. Qd4 Qxd4 17. Nxd4 0-0-0 18. Ne2 h5 19. Bg2 hxg4 20. hxg4 f5 21. Nf4 fxg4 22. Nxg6 fxg6 23. Be4 Nd5 24. Bxg6 Nf4 25. Be4 Rh3 26. Kd2 Rf8 27. Rhg1 Nd5 28. Rg2 Nf6 29. Re1 Kd7 30. Re3 Kd6 31. d4 e5 32. dxe5+ Kxe5 33. Bd3+ Rxe3 34. Kxe3 Rh8 35. f3 Rh3 36. Rf2 Nd5+ 37. Ke2 Nf4+ 38. Ke3 g3 39. Rf1 Rh2 40. Rg1 Nd5# 0-1

[Event "Titled Tuesday intern op 30th Jul Early"]
[Site "Chess.com INT"]
[Date "2024.07.30"]
[Round "6"]
[White "Janaszak, Dawid"]
[Black "Norowitz, Yaacov"]
[Result "0-1"]
[WhiteElo "2308"]
[BlackElo "2402"]
[PlyCount "124"]
[EventDate "2024.07.30"]
[EventType "swiss (blitz)"]
[EventRounds "11"]
[EventCountry "USA"]
[SourceTitle "EXT 2025"]
[Source "ChessBase"]
[SourceDate "2024.10.14"]
[SourceVersion "1"]
[SourceVersionDate "2024.10.14"]
[SourceQuality "1"]

1. e4 c6 2. d3 d5 3. Bf4 dxe4 4. Nc3 Nf6 5. dxe4 Qa5 6. Qd3 e5 7. Bd2 Qb6 8. 0-0-0 Be6 9. Nh3 Nbd7 10. Ng5 Nc5 11. Qg3 0-0-0 12. Nxe6 Nxe6 13. Bc4 Qc7 14. Be3 Bb4 15. Ne2 Nxe4 16. Qg4 Bd2+ 17. Bxd2 Nxf2 18. Bxe6+ fxe6 19. Qxe6+ Qd7 20. Qxd7+ Rxd7 21. Rdf1 Nxh1 22. Rxh1 Rf8 23. Be3 b6 24. Ng3 Rdf7 25. Kd1 Kd7 26. Ke2 Ke6 27. Rd1 Rd7 28. Rd3 Rxd3 29. cxd3 h6 30. b3 c5 31. Ne4 Kd5 32. Nc3+ Kc6 33. Bf2 a6 34. Bg3 Kd6 35. Nd1 Rf7 36. Ne3 b5 37. Ng4 Rf5 38. Nf2 Kd5 39. Ke3 h5 40. h4 g5 41. hxg5 Rxg5 42. Kf3 Rf5+ 43. Ke2 Rg5 44. Ne4 Rg6 45. Kf3 Kd4 46. Bf2+ Kxd3 47. Nxc5+ Kc3 48. a4 e4+ 49. Nxe4+ Kxb3 50. axb5 axb5 51. Nc5+ Kc4 52. Ne4 b4 53. Nd2+ Kd3 54. Ne4 b3 55. Nc5+ Kc4 56. Na4 Ra6 57. Nb2+ Kc3 58. Nd1+ Kd2 59. Ne3 Rc6 60. Nf5 b2 61. Be3+ Kd3 62. Nd4 Rf6+ 0-1

[Event "Titled Tuesday intern op 30th Jul Early"]
[Site "Chess.com INT"]
[Date "2024.07.30"]
[Round "8"]
[White "Norowitz, Yaacov"]
[Black "Hayrapetyan, Edgar"]
[Result "1-0"]
[WhiteElo "2402"]
[BlackElo "2288"]
[PlyCount "71"]
[EventDate "2024.07.30"]
[EventType "swiss (blitz)"]
[EventRounds "11"]
[EventCountry "USA"]
[SourceTitle "EXT 2025"]
[Source "ChessBase"]
[SourceDate "2024.10.14"]
[SourceVersion "1"]
[SourceVersionDate "2024.10.14"]
[SourceQuality "1"]

1. d4 Nf6 2. Nf3 e6 3. e3 d5 4. Bd3 c5 5. c3 Nc6 6. 0-0 Be7 7. Nbd2 0-0 8. dxc5 Bxc5 9. e4 b6 10. exd5 Nxd5 11. Ne4 Be7 12. Re1 Bb7 13. Qe2 Qc7 14. Bc2 Rad8 15. Neg5 g6 16. h4 Nf6 17. Nh2 Rd5 18. Ne4 Rfd8 19. Qf3 Nxe4 20. Bxe4 Ne5 21. Qg3 Rd1 22. Bf4 Rxa1 23. Rxa1 Bxe4 24. Bxe5 Qc5 25. Bd4 Rxd4 26. cxd4 Qxd4 27. Qc3 Qxc3 28. bxc3 Bxh4 29. Rd1 Bd5 30. c4 Be4 31. Ng4 Kg7 32. Rd7 a5 33. Ne5 Kf6 34. f4 Kf5 35. Rxf7+ Bf6 36. Nd7 1-0

[Event "Titled Tuesday intern op 30th Jul Early"]
[Site "Chess.com INT"]
[Date "2024.07.30"]
[Round "1"]
[White "Norowitz, Yaacov"]
[Black "Starcevic, Ante Leon"]
[Result "1-0"]
[WhiteElo "2402"]
[BlackElo "2175"]
[PlyCount "130"]
[EventDate "2024.07.30"]
[EventType "swiss (blitz)"]
[EventRounds "11"]
[EventCountry "USA"]
[SourceTitle "EXT 2025"]
[Source "ChessBase"]
[SourceDate "2024.10.14"]
[SourceVersion "1"]
[SourceVersionDate "2024.10.14"]
[SourceQuality "1"]

1. d4 d5 2. e3 Nf6 3. Bd3 c6 4. Nd2 Bg4 5. Ne2 Nbd7 6. f3 Bh5 7. Nf4 e5 8. Nxh5 Nxh5 9. 0-0 exd4 10. exd4 Nf4 11. Re1+ Be7 12. Nf1 Nxd3 13. Qxd3 0-0 14. Ne3 g6 15. Ng4 Re8 16. Bh6 Nf6 17. Rxe7 Qxe7 18. Bg5 Qe2 19. Nxf6+ Kg7 20. Nxe8+ Rxe8 21. Qxe2 Rxe2 22. Rc1 f6 23. Bf4 g5 24. Kf1 Re6 25. Bg3 Re7 26. Re1 Rd7 27. Kf2 Kf7 28. h3 h6 29. Bh2 Rd8 30. g4 Rd7 31. f4 gxf4 32. Bxf4 Kg6 33. Kf3 h5 34. gxh5+ Kxh5 35. c3 Kg6 36. Kg4 Kf7 37. h4 Kg6 38. h5+ Kf7 39. Kf5 b6 40. h6 Rb7 41. Rg1 Rb8 42. Rg7+ Kf8 43. Kg6 Rb7 44. Rf7+ Rxf7 45. h7 Rxh7 46. Kxh7 Kf7 47. Kh6 a6 48. b4 a5 49. bxa5 bxa5 50. a4 Ke6 51. Kg6 c5 52. Bg3 cxd4 53. cxd4 Ke7 54. Kf5 Kf7 55. Bc7 Ke7 56. Bxa5 Kf7 57. Bd8 Ke8 58. Bxf6 Kd7 59. Be5 Kc6 60. Ke6 Kb6 61. Kxd5 Ka5 62. Ke6 Ka6 63. d5 Ka5 64. d6 Kxa4 65. d7 Kb5 1-0

[Event "Titled Tuesday intern op 23rd Jul Late"]
[Site "Chess.com INT"]
[Date "2024.07.23"]
[Round "3"]
[White "Liu, Eric"]
[Black "Norowitz, Yaacov"]
[Result "1-0"]
[WhiteElo "2344"]
[BlackElo "2402"]
[PlyCount "193"]
[EventDate "2024.07.23"]
[EventType "swiss (blitz)"]
[EventRounds "11"]
[EventCountry "USA"]
[SourceTitle "EXT 2025"]
[Source "ChessBase"]
[SourceDate "2024.10.14"]
[SourceVersion "1"]
[SourceVersionDate "2024.10.14"]
[SourceQuality "1"]

1. b3 Nf6 2. Bb2 d5 3. g3 c6 4. Bg2 g6 5. a4 Bg7 6. h4 h5 7. d3 0-0 8. Nd2 b6 9. Nh3 Bb7 10. 0-0 c5 11. Ng5 Nc6 12. e4 dxe4 13. dxe4 Qc7 14. e5 Ng4 15. Nc4 Rad8 16. Qe2 Ba6 17. e6 Bxb2 18. exf7+ Kh8 19. Qe4 Nce5 20. Ne6 Qd7 21. Nxf8 Rxf8 22. Nxb2 Bxf1 23. Rxf1 Qd4 24. Qxd4 cxd4 25. Rd1 Rxf7 26. f4 Ne3 27. fxe5 Nxd1 28. Nxd1 Rf5 29. Be4 Rxe5 30. Nf2 Kg7 31. Kg2 Rc5 32. Bd3 e5 33. Ne4 Rc7 34. Nd6 Rd7 35. Ne4 Rd8 36. Ng5 Kf6 37. Kf3 Rc8 38. Ke4 Rd8 39. Nf3 Rd7 40. Bb5 Re7 41. Ng5 Rc7 42. Bd3 Re7 43. Kd5 Rc7 44. Kd6 Rc8 45. Ne4+ Kf5 46. Kd7 Rh8 47. Nf2+ Kf6 48. Nh3 Rh7+ 49. Kd6 Rh8 50. Ng5 Rd8+ 51. Kc7 Rh8 52. Ne4+ Kf5 53. Nf2+ Kf6 54. Be4 Rh7+ 55. Kd6 Rg7 56. Nh3 Rg8 57. Ng5 Rd8+ 58. Kc7 Rg8 59. Kb7 Rg7+ 60. Ka6 Rc7 61. b4 Rc3 62. Bd3 Rc7 63. Ne4+ Kf5 64. Nd6+ Kg4 65. Nb5 Re7 66. Bxg6 Rg7 67. Be8 e4 68. Nxd4 Re7 69. Bb5 e3 70. Be2+ Kxg3 71. Nf5+ Kf2 72. Nxe7 Kxe2 73. Nd5 Kf3 74. Nxe3 Kxe3 75. Kxa7 Kf4 76. Kxb6 Kg4 77. a5 Kxh4 78. a6 Kg3 79. a7 Kh2 80. a8Q h4 81. Qf3 Kg1 82. Qh3 Kf2 83. Qxh4+ Ke2 84. Qd4 Ke1 85. Qe3+ Kd1 86. Qf2 Kc1 87. c4 Kd1 88. b5 Kc1 89. c5 Kb1 90. Kb7 Kc1 91. c6 Kb1 92. b6 Kc1 93. c7 Kb1 94. Kb8 Kc1 95. b7 Kb1 96. c8Q Ka1 97. Qc1# 1-0

[Event "Titled Tuesday intern op 23rd Jul Late"]
[Site "Chess.com INT"]
[Date "2024.07.23"]
[Round "1"]
[White "Romero Ruscalleda, Josep"]
[Black "Norowitz, Yaacov"]
[Result "0-1"]
[WhiteElo "2153"]
[BlackElo "2402"]
[PlyCount "28"]
[EventDate "2024.07.23"]
[EventType "swiss (blitz)"]
[EventRounds "11"]
[EventCountry "USA"]
[SourceTitle "EXT 2025"]
[Source "ChessBase"]
[SourceDate "2024.10.14"]
[SourceVersion "1"]
[SourceVersionDate "2024.10.14"]
[SourceQuality "1"]

1. e4 c6 2. Nc3 d5 3. Nf3 dxe4 4. Nxe4 Nf6 5. Qe2 Bg4 6. d3 e6 7. Bg5 Be7 8. h3 Bxf3 9. Qxf3 Nxe4 10. Bxe7 Qa5+ 11. c3 Nxc3 12. b4 Qe5+ 13. Kd2 Nd5 14. Re1 Qb2+ 0-1